01738nam a2200457 i 450000100060000000300080000600500170001400600190003100700150005000800410006502000270010603500230013303500240015603500250018003500220020504000310022705000220025808000080028008200150028810000320030324501480033526400390048330000410052233600310056333700330059433800430062749000190067050000220068958801230071159001590083465000240099365000270101765000260104465000290107065500270109970000360112679700190116283000200118185600620120199900170126389241FlNmELB20241217171719.0m o d | cr cnu||||||||170607s2017 sp o 001 0 spa d a9788491166993 (e-book) a(MiAaPQ)EBC4849781 a(Au-PeEL)EBL4849781 a(CaPaEBR)ebr11379313 a(OCoLC)1009102160 aFINmELBbspaerdacFINmELB 4aHF5389bJ617 2017 a3950 a395.522231 aJiménez-Morales, Mṇika.10aEventos y protocolo :bla gestión estratégica de actos corporativos e institucionales /cMṇika Jiménez-Morales, Julio M. Panizo Alonso. 1aBarcelona :bEditorial UOC,c2017. a1 recurso en línea (245 páginas) atextobtxt2rdacontent/spa acomputadorabc2rdamedia/spa arecurso en líneabcr2rdacarrier/spa1 aComunicación aIncluye índice. aDescripción basada en recurso en línea; Título de la página del título en PDF (e-libro, visto June 7, 2017). aRecurso electronico. Santa Fe, Arg. : e-libro, 2016. Disponible via World Wide Web. El acceso puede ser limitado para las bibliotecas afiliadas a e-libro. 0aBusiness etiquette. 4aProtocolo empresarial. 0aStrategic management. 4aGestión estratégica. 4aLibros electrónicos.1 aPanizo Alonso, Julio M,eautor.2 ae-libro, Corp. 0aComunicación.40uhttps://elibro.net/ereader/politecnicointernacional/58629 c89241d89241